| 000 | 00638nam a2200145 a 4500 | ||
|---|---|---|---|
| 008 | 120416s1966 ||||||||||||||||| || u | ||
| 050 | _aQE 391 Sim | ||
| 100 | _aSimpson, Brian | ||
| 245 | 1 | 0 | _aRocks and minerals |
| 260 |
_aOxford _bPergamon Press _c1966 |
||
| 300 | _aix, 302p. : ill | ||
| 350 | _a0.00 | ||
| 995 |
_aTEXTBOOKS (MIN.ENG.) _D0.00 _e03366 _FCBU-SCHOOL TEXTBOOK COLLECTIONS _H1 _I0.00 _jSCHOOL TEXTBOOK _M2 _UAVAILABLE _WJul 15, 2009 _y03366 _ZMain Library Open Access Collection |
||
| 995 |
_aANNEX COLLECTION (Main Library) _D0.00 _e713365 _FCBU-MAIN LIBRARY (Kitwe) _H1 _I1.85 _jQE 391 Sim _UAVAILABLE _y013540 _ZAnnex Low-Usage Collection |
||
| 999 |
_c80244 _d80244 |
||